[Event "GER-ch 86th"]
[Site "Saarbruecken"]
[Date "2015.12.03"]
[Round "1"]
[White "Bastian, Herbert"]
[Black "Mailitis, Kai"]
[Result "1-0"]
[WhiteElo "2328"]
[BlackElo "2087"]
[EventDate "2015.12.03"]
[PlyCount "89"]

1. e4 c5 2. Nc3 Nc6 3. g3 g6 4. Bg2 Bg7 5. d3 d6 6. Nf3 Rb8 7. O-O b5 8. h3 b4 9. Nd5 Nf6 10. a3 a5 11. axb4 axb4 12. Bg5 e6 13. Nxf6+ Bxf6 14. Bxf6 Qxf6 15. Qc1 O-O 16. c3 Bb7 17. Qd2 Ra8 18. Nh2 Na5 19. Ng4 Qg7 20. Qc2 bxc3 21. bxc3 c4 22. d4 f5 23. Ne3 f4 24. gxf4 Rxf4 25. Rab1 Raf8 26. Rb5 Nc6 27. Rb6 Ba8 28. Nxc4 Qe7 29. Ne3 Qg5 30. Qd3 Rf3 31. Kh1 Rxf2 32. Rxf2 Rxf2 33. Ng4 Qc1+ 34. Kh2 Qf4+ 35. Qg3 Qxg3+ 36. Kxg3 Rc2 37. d5 exd5 38. exd5 Rxc3+ 39. Kf4 Ne7 40. Rxd6 Rc8 41. Rd7 Kf8 42. Nf6 Rc2 43. Be4 Rf2+ 44. Ke5 Kf7 45. d6 1-0

[Event "GER-ch 86th"]
[Site "Saarbruecken"]
[Date "2015.12.03"]
[Round "1"]
[White "Bode, Wilfried"]
[Black "Middelhoff, Cornelius"]
[Result "1-0"]
[WhiteElo "2338"]
[BlackElo "2137"]
[EventDate "2015.12.03"]
[PlyCount "57"]

1. g3 e5 2. c4 Nf6 3. Bg2 h6 4. Nc3 Bb4 5. Nf3 e4 6. Nd4 Bxc3 7. bxc3 O-O 8. O-O d6 9. f3 c5 10. Nc2 exf3 11. Rxf3 Nc6 12. d3 Ne5 13. Rf2 Rb8 14. h4 Be6 15. Qf1 Nh5 16. g4 Ng3 17. Qe1 Qxh4 18. Bf4 Ng6 19. Bxd6 f5 20. Bxb8 Rxb8 21. gxf5 Nxf5 22. e4 Nfe7 23. Qe3 Qh5 24. Qg3 Rd8 25. d4 Nh4 26. d5 Bc8 27. e5 Nxg2 28. Rxg2 Nf5 29. Qg4 1-0

[Event "GER-ch 86th"]
[Site "Saarbruecken"]
[Date "2015.12.03"]
[Round "1"]
[White "Carow, Johannes"]
[Black "Scherer, Max"]
[Result "1-0"]
[WhiteElo "2431"]
[BlackElo "2236"]
[EventDate "2015.12.03"]
[PlyCount "79"]

1. d4 e6 2. Nf3 c5 3. e3 Nf6 4. Bd3 Nc6 5. O-O b6 6. c4 Bb7 7. Nc3 cxd4 8. exd4 d5 9. cxd5 Nxd5 10. Re1 Be7 11. a3 O-O 12. Bc2 Rc8 13. Qd3 g6 14. Bh6 Re8 15. Rad1 Nxc3 16. bxc3 Bxa3 17. Ng5 Be7 18. Qg3 Nb4 19. Nxe6 Qd7 20. Bf5 Bd6 21. Qg4 Qc6 22. cxb4 Qd5 23. Be4 Qxe6 24. Qxe6 fxe6 25. Bxb7 Rc7 26. Bd5 Rce7 27. Bc6 Bxb4 28. Re4 Rc8 29. d5 Bd6 30. Bg5 Rec7 31. Rxe6 Bf8 32. g3 h6 33. Bf4 Rg7 34. Be5 Rf7 35. Rxg6+ Kh7 36. Rf6 Rxf6 37. Bxf6 Bd6 38. Bd4 Rb8 39. Re1 a5 40. Re8 1-0

[Event "GER-ch 86th"]
[Site "Saarbruecken"]
[Date "2015.12.03"]
[Round "1"]
[White "Donchenko, Alexander"]
[Black "Frischmann, Rick"]
[Result "1/2-1/2"]
[WhiteElo "2582"]
[BlackElo "2274"]
[EventDate "2015.12.03"]
[PlyCount "83"]

1. d4 Nf6 2. Nf3 g6 3. g3 d5 4. Bg2 Bg7 5. O-O O-O 6. c4 c6 7. b3 dxc4 8. bxc4 c5 9. Bb2 Qb6 10. Qb3 Ne4 11. e3 Nc6 12. Ne5 Nd6 13. Nd2 cxd4 14. exd4 Be6 15. Rfe1 Nxe5 16. dxe5 Nxc4 17. Nxc4 Bxc4 18. Qxc4 Qxb2 19. Rab1 Qa3 20. e6 fxe6 21. Rxb7 Kh8 22. Re3 Qd6 23. Rxe6 Qd1+ 24. Qf1 Qxf1+ 25. Kxf1 Bf6 26. Re2 Rab8 27. Rc2 Rxb7 28. Bxb7 Bd4 29. Kg2 Kg7 30. a4 Bb6 31. h4 Rf5 32. Ba6 Rc5 33. Re2 Kf6 34. Bb5 Re5 35. Rd2 Rc5 36. g4 h6 37. Rd3 Bc7 38. Rf3+ Kg7 39. Be8 Bd6 40. Kh3 Rc8 41. Bb5 Rf8 42. Rxf8 1/2-1/2

[Event "GER-ch 86th"]
[Site "Saarbruecken"]
[Date "2015.12.03"]
[Round "1"]
[White "Dorst, Johannes"]
[Black "Kollars, Dmitrij"]
[Result "0-1"]
[WhiteElo "2224"]
[BlackElo "2445"]
[EventDate "2015.12.03"]
[PlyCount "62"]

1. e4 e5 2. Nf3 Nc6 3. Bb5 a6 4. Bxc6 dxc6 5. O-O Qf6 6. d4 exd4 7. Bg5 Qd6 8. Nxd4 Bd7 9. Nc3 Be7 10. Be3 O-O-O 11. Qe2 Nh6 12. f3 Rhe8 13. Qf2 Qg6 14. Nb3 Bd6 15. Rfd1 Kb8 16. Nc5 Bc8 17. Nd3 f5 18. e5 Bxe5 19. Nxe5 Rxd1+ 20. Rxd1 Rxe5 21. Bf4 Re7 22. Na4 Nf7 23. Nb6 Qe6 24. Nxc8 Qxc8 25. Qc5 Qe6 26. Bg3 Qf6 27. Bf2 b6 28. Qa3 Kb7 29. Bd4 Qg5 30. Qd3 Rd7 31. Qe2 Qd8 0-1

[Event "GER-ch 86th"]
[Site "Saarbruecken"]
[Date "2015.12.03"]
[Round "1"]
[White "Fridman, Daniel"]
[Black "Paulsen, Dirk"]
[Result "1-0"]
[WhiteElo "2627"]
[BlackElo "2303"]
[EventDate "2015.12.03"]
[PlyCount "73"]

1. Nf3 Nf6 2. c4 c5 3. d4 g6 4. Nc3 Bg7 5. e4 O-O 6. Be2 d6 7. O-O Bg4 8. d5 Na6 9. h3 Bxf3 10. Bxf3 Nc7 11. Bf4 Nfe8 12. Rb1 e5 13. Bd2 f5 14. a3 Rb8 15. b4 a6 16. Qc2 b6 17. Rb3 Qd7 18. Rfb1 Na8 19. R3b2 Nf6 20. bxc5 dxc5 21. Qa4 Qxa4 22. Nxa4 Nd7 23. Nc3 Nc7 24. Bd1 Ne8 25. Ba4 Rd8 26. Bg5 Bf6 27. Bxd7 Rxd7 28. Bxf6 Rxf6 29. Na4 Nd6 30. Rxb6 Nxe4 31. f3 Rxb6 32. Rxb6 Nd2 33. Nxc5 Rd8 34. Ne6 Nxc4 35. Rc6 Rxd5 36. Rxc4 Rd1+ 37. Kf2 1-0

[Event "GER-ch 86th"]
[Site "Saarbruecken"]
[Date "2015.12.03"]
[Round "1"]
[White "Fuellgrabe, Thomas"]
[Black "Bischoff, Klaus"]
[Result "0-1"]
[WhiteElo "2244"]
[BlackElo "2497"]
[EventDate "2015.12.03"]
[PlyCount "120"]

1. e4 c5 2. Nf3 e6 3. g3 Nc6 4. Bg2 Nf6 5. d3 d5 6. Qe2 Be7 7. O-O O-O 8. e5 Ne8 9. c4 Nc7 10. Nc3 Rb8 11. a4 Na6 12. Rd1 Nab4 13. d4 b6 14. Be3 Ba6 15. Nb5 Na5 16. cxd5 Nxd5 17. Rac1 Qd7 18. Bg5 Nb3 19. Rc4 Bxb5 20. axb5 Bxg5 21. Nxg5 Nxd4 22. Rcxd4 cxd4 23. Qe4 g6 24. Qh4 f6 25. exf6 Nxf6 26. Bh3 Rbe8 27. Rxd4 Qxb5 28. Qh6 Qe2 29. Rd7 Qxf2+ 30. Kxf2 Ng4+ 31. Kg1 Nxh6 32. Bxe6+ Rxe6 33. Nxe6 Re8 34. Ng5 Nf5 35. Rxa7 h6 36. Nf7 Re2 37. b4 h5 38. Rb7 Ne3 39. Ng5 Rg2+ 40. Kh1 Rb2 41. Kg1 Rxb4 42. Ne6 Rb1+ 43. Kf2 Ng4+ 44. Kf3 Rf1+ 45. Ke4 Nf6+ 46. Ke5 Rf5+ 47. Kd4 Rd5+ 48. Kc4 Rd6 49. Ng5 Nd7 50. Ne4 Re6 51. Rxd7 Rxe4+ 52. Kd5 Re2 53. Rb7 Rxh2 54. Rxb6 Kg7 55. Ke5 Rf2 56. Ra6 Rf3 57. g4 hxg4 58. Ra4 Rf5+ 59. Ke4 Kh6 60. Ke3 Kg5 0-1

[Event "GER-ch 86th"]
[Site "Saarbruecken"]
[Date "2015.12.03"]
[Round "1"]
[White "Groeger, Stefan"]
[Black "Keymer, Vincent"]
[Result "1/2-1/2"]
[WhiteElo "2087"]
[BlackElo "2342"]
[EventDate "2015.12.03"]
[PlyCount "76"]

1. d4 Nf6 2. c4 e6 3. Nc3 Bb4 4. Qc2 O-O 5. a3 Bxc3+ 6. Qxc3 b6 7. Bg5 Bb7 8. Nf3 d6 9. e3 Nbd7 10. Be2 Rc8 11. O-O Ne4 12. Bxd8 Nxc3 13. bxc3 Rfxd8 14. Nd2 c5 15. Rfc1 Rc7 16. a4 a5 17. Rcb1 Kf8 18. Rb2 Ke7 19. Kf1 Rb8 20. f4 Bc6 21. Bf3 Bxf3 22. gxf3 g6 23. Ke2 f5 24. Kd3 Rcc8 25. Rab1 Rg8 26. Rg1 Kd8 27. Nb1 e5 28. fxe5 dxe5 29. Na3 Ke7 30. Nb5 Kf6 31. Nc7 Rgc8 32. Nd5+ Ke6 33. Rgb1 Rc6 34. Rb5 g5 35. Rg1 Rg8 36. Rgb1 Rb8 37. Rg1 Rg8 38. Rgb1 Rb8 1/2-1/2

[Event "GER-ch 86th"]
[Site "Saarbruecken"]
[Date "2015.12.03"]
[Round "1"]
[White "Hilverda, Alexander"]
[Black "Mueller, Nick"]
[Result "1-0"]
[WhiteElo "2385"]
[BlackElo "2175"]
[EventDate "2015.12.03"]
[PlyCount "99"]

1. e4 e6 2. d4 d5 3. Nc3 Nf6 4. e5 Nfd7 5. f4 c5 6. Nf3 Nc6 7. Be3 cxd4 8. Nxd4 Qb6 9. a3 Bc5 10. Na4 Qa5+ 11. c3 Bxd4 12. Bxd4 Nxd4 13. Qxd4 O-O 14. Bd3 Qc7 15. O-O a6 16. b4 b5 17. Nb2 Nb6 18. Rad1 Bd7 19. Rf3 Rfc8 20. h4 Kh8 21. Bb1 Nc4 22. Nxc4 Qxc4 23. Qd2 a5 24. Qc2 g6 25. h5 axb4 26. axb4 Ra3 27. hxg6 hxg6 28. Rh3+ Kg8 29. Qf2 Rxc3 30. Bd3 Rxd3 31. Rdxd3 Qc1+ 32. Kh2 Rc4 33. Rd4 Rxd4 34. Qxd4 Qf1 35. Rf3 Qc4 36. Qb6 Qc8 37. Rh3 Qf8 38. Qc7 Be8 39. Qd8 d4 40. Qxd4 Bc6 41. Qd6 Qa8 42. Rd3 Be4 43. Qd8+ Qxd8 44. Rxd8+ Kg7 45. Rb8 Bd3 46. g4 g5 47. f5 exf5 48. gxf5 Bxf5 49. Rxb5 Be4 50. Rb6 1-0

[Event "GER-ch 86th"]
[Site "Saarbruecken"]
[Date "2015.12.03"]
[Round "1"]
[White "Liedtke, Matthias"]
[Black "Kunin, Vitaly L"]
[Result "0-1"]
[WhiteElo "2286"]
[BlackElo "2561"]
[EventDate "2015.12.03"]
[PlyCount "80"]

1. e4 c5 2. Nc3 Nc6 3. g3 g6 4. Bg2 Bg7 5. d3 d6 6. Nh3 e6 7. O-O Nge7 8. Be3 O-O 9. Qd2 Re8 10. Bh6 Bh8 11. f4 Qb6 12. Rab1 c4+ 13. Kh1 cxd3 14. Qxd3 d5 15. f5 dxe4 16. fxg6 hxg6 17. Nxe4 Ne5 18. Qe2 f5 19. Nc3 Bd7 20. Bf4 Nf7 21. Ng5 Nxg5 22. Bxg5 Nc6 23. Rfd1 Nd4 24. Qf2 Bc6 25. Be3 e5 26. Nd5 Qc5 27. Bxd4 exd4 28. Nf4 Kf7 29. Re1 Bf6 30. Nd3 Qd6 31. Bxc6 bxc6 32. Qf3 Re3 33. Rxe3 dxe3 34. Re1 Re8 35. Kg2 Re4 36. Rxe3 Qe7 37. Re1 Rxe1 38. Nxe1 Qxe1 39. Qxc6 Qe2+ 40. Kh3 g5 0-1

[Event "GER-ch 86th"]
[Site "Saarbruecken"]
[Date "2015.12.03"]
[Round "1"]
[White "Margraf, Daniel"]
[Black "Svane, Rasmus"]
[Result "0-1"]
[WhiteElo "2277"]
[BlackElo "2534"]
[EventDate "2015.12.03"]
[PlyCount "102"]

1. e4 c6 2. d4 d5 3. Nc3 dxe4 4. Nxe4 Bf5 5. Ng3 Bg6 6. Nh3 e6 7. Nf4 Bd6 8. Nfh5 Bxh5 9. Nxh5 g6 10. Ng3 Nf6 11. c3 Nbd7 12. Bd3 h5 13. Bg5 h4 14. Ne4 Be7 15. Bd2 Nxe4 16. Bxe4 Nf6 17. Bf3 Qa5 18. Qe2 O-O-O 19. h3 Bd6 20. b4 Qf5 21. O-O e5 22. dxe5 Qxe5 23. Qxe5 Bxe5 24. Rad1 Nd5 25. c4 Nb6 26. c5 Na4 27. Bg5 f6 28. Bg4+ Kc7 29. Rxd8 Kxd8 30. Rd1+ Ke8 31. Be3 Rh7 32. f4 Bc3 33. Rd6 Re7 34. Bf2 Re4 35. a3 Rxf4 36. Bc8 Be5 37. Rd1 Nc3 38. Re1 Nb5 39. Bxb7 Kd7 40. a4 Nc3 41. b5 cxb5 42. axb5 Nxb5 43. Be4 Rxf2 44. Rd1+ Bd4 45. Rxd4+ Nxd4 46. Kxf2 f5 47. Bd5 f4 48. Ke1 g5 49. Kd2 Ne6 50. Kd3 Nxc5+ 51. Kd4 Kd6 0-1

[Event "GER-ch 86th"]
[Site "Saarbruecken"]
[Date "2015.12.03"]
[Round "1"]
[White "Mueller, Reinhold"]
[Black "Khenkin, Igor"]
[Result "0-1"]
[WhiteElo "2324"]
[BlackElo "2594"]
[EventDate "2015.12.03"]
[PlyCount "98"]

1. d4 d5 2. Nf3 c6 3. c4 dxc4 4. e3 b5 5. a4 e6 6. axb5 cxb5 7. b3 Bb4+ 8. Bd2 Bxd2+ 9. Nbxd2 a5 10. bxc4 b4 11. Ne5 Nf6 12. Be2 O-O 13. Bf3 Ra6 14. O-O Qc7 15. c5 Nd5 16. Ndc4 Nd7 17. Bxd5 exd5 18. Nxd7 Bxd7 19. Nb6 Bb5 20. Re1 Rxb6 21. cxb6 Qxb6 22. Qb3 Bc4 23. Qa4 Ra8 24. Reb1 b3 25. Rb2 h5 26. h3 h4 27. Rc1 Qb4 28. Qxb4 axb4 29. Rd1 Kf8 30. f3 f5 31. Kf2 Ra2 32. Rdd2 Ke7 33. g3 g5 34. g4 f4 35. e4 Ra1 36. e5 Rf1+ 37. Kg2 Rc1 38. Kf2 Kd7 39. Kg2 Rc3 40. Kf2 Rc1 41. Kg2 Kc6 42. Kf2 Kb5 43. Kg2 Ka4 44. e6 Re1 45. Kf2 Rxe6 46. Rb1 Re3 47. Ra1+ Kb5 48. Ra8 Re2+ 49. Rxe2 Bxe2 0-1

[Event "GER-ch 86th"]
[Site "Saarbruecken"]
[Date "2015.12.03"]
[Round "1"]
[White "Poetsch, Hagen"]
[Black "Tschann, Stephan"]
[Result "1/2-1/2"]
[WhiteElo "2514"]
[BlackElo "2262"]
[EventDate "2015.12.03"]
[PlyCount "95"]

1. e4 e5 2. Nf3 Nc6 3. Bb5 Nf6 4. O-O Nxe4 5. Re1 Nd6 6. Nxe5 Be7 7. Bf1 Nf5 8. Nf3 d5 9. d4 O-O 10. c3 Bd6 11. Bd3 g6 12. Nbd2 f6 13. Nf1 Nce7 14. h3 c6 15. g4 Ng7 16. Bh6 Qc7 17. Qd2 Bd7 18. Re2 Rae8 19. Rae1 Nc8 20. Ne3 Bf4 21. Bxf4 Qxf4 22. Ng2 Qxd2 23. Nxd2 Rxe2 24. Bxe2 Re8 25. c4 Ne6 26. Nf3 dxc4 27. Bxc4 Nb6 28. Bb3 Kf8 29. h4 Nc7 30. Rxe8+ Bxe8 31. g5 fxg5 32. hxg5 Bf7 33. Kh2 Bxb3 34. axb3 Nbd5 35. Kg3 Ne6 36. Kg4 Ke7 37. Ne3 Nb4 38. Kg3 Kd6 39. Nc4+ Kd5 40. Ne3+ Kd6 41. Ng4 Nd3 42. Nf6 Nxb2 43. Nxh7 a5 44. Nf6 b5 45. Ne4+ Kd5 46. Nf6+ Kd6 47. Ne4+ Kd5 48. Nf6+ 1/2-1/2

[Event "GER-ch 86th"]
[Site "Saarbruecken"]
[Date "2015.12.03"]
[Round "1"]
[White "Riegler, Dieter"]
[Black "Stips, Felix"]
[Result "0-1"]
[WhiteElo "2075"]
[BlackElo "2319"]
[EventDate "2015.12.03"]
[PlyCount "98"]

1. d4 d5 2. c4 c6 3. Nc3 Nf6 4. e3 a6 5. Qc2 e6 6. Nf3 Nbd7 7. Bd3 dxc4 8. Bxc4 b5 9. Be2 c5 10. O-O Bb7 11. Rd1 Qc7 12. dxc5 Bxc5 13. Bd2 O-O 14. Rac1 Rac8 15. Bd3 Bd6 16. Qb1 Bxf3 17. gxf3 Nc5 18. Ne4 Qb8 19. Nxd6 Qxd6 20. Bb4 Qb6 21. Be2 a5 22. Bc3 Ncd7 23. Kh1 b4 24. Bd4 Qb7 25. e4 Nh5 26. Rg1 e5 27. Be3 Rxc1 28. Qxc1 Rc8 29. Qd2 Qc7 30. Ba6 Ra8 31. Be2 Nf8 32. Qd5 Rd8 33. Qb5 Rb8 34. Qd5 Nf6 35. Qd2 Ne6 36. Rc1 Qe7 37. Bc4 Rd8 38. Qe2 Nd4 39. Bxd4 Rxd4 40. Bd5 h6 41. Bc4 Qd7 42. Qe3 Nh5 43. Bf1 Nf4 44. Qb3 Rd2 45. Kg1 Qd4 46. Qe3 Qxb2 47. Qc5 Kh7 48. Qc8 Qd4 49. Qf5+ Ng6 0-1

[Event "GER-ch 86th"]
[Site "Saarbruecken"]
[Date "2015.12.03"]
[Round "1"]
[White "Stern, Rene"]
[Black "Hirneise, Jens"]
[Result "1-0"]
[WhiteElo "2538"]
[BlackElo "2266"]
[EventDate "2015.12.03"]
[PlyCount "131"]

1. d4 Nf6 2. c4 g6 3. Nc3 Bg7 4. e4 d6 5. Nf3 O-O 6. Be2 e5 7. d5 a5 8. Bg5 h6 9. Bh4 Qe8 10. Nd2 Na6 11. O-O h5 12. a3 Nh7 13. f3 Bd7 14. Kh1 Bh6 15. b3 Be3 16. Qc2 f5 17. exf5 g5 18. Bf2 Bxf2 19. Rxf2 Bxf5 20. Bd3 Bxd3 21. Qxd3 Kg7 22. Nde4 Qg6 23. Raf1 Rf7 24. g3 Raf8 25. Qd2 g4 26. f4 Rf5 27. fxe5 Rxe5 28. Rf4 Ref5 29. Qf2 R5f7 30. Qd4+ Kg8 31. Ne2 Nc5 32. Nxc5 dxc5 33. Qe5 Ng5 34. Rxf7 Rxf7 35. Nf4 Qf5 36. Qxf5 Rxf5 37. Kg2 Nf3 38. Ne6 h4 39. gxh4 Nxh4+ 40. Kg1 Nf3+ 41. Kh1 Re5 42. Kg2 Re3 43. Nxc7 Rxb3 44. d6 Ne5 45. Rf5 Nd7 46. Rf4 Rxa3 47. Rxg4+ Kf7 48. Re4 Nb6 49. Re7+ Kf6 50. Ne8+ Kf5 51. Ng7+ Kf6 52. Nh5+ Kf5 53. Ng3+ Kg6 54. d7 Nxd7 55. Rxd7 Rb3 56. h4 a4 57. h5+ Kh6 58. Rd6+ Kg7 59. h6+ Kg8 60. Ne4 Rb2+ 61. Kg3 Rb1 62. Ng5 Kf8 63. h7 Rh1 64. Rd8+ Kg7 65. Rg8+ Kf6 66. Nh3 1-0

[Event "GER-ch 86th"]
[Site "Saarbruecken"]
[Date "2015.12.03"]
[Round "1"]
[White "Weber, Max"]
[Black "Voigt, Martin"]
[Result "1/2-1/2"]
[WhiteElo "2160"]
[BlackElo "2342"]
[EventDate "2015.12.03"]
[PlyCount "62"]

1. d4 d5 2. c4 c6 3. Nf3 Nf6 4. Nc3 dxc4 5. a4 Bf5 6. Nh4 Bg4 7. h3 Bh5 8. g4 Bg6 9. Nxg6 hxg6 10. e4 e5 11. Bxc4 exd4 12. e5 Qe7 13. Qxd4 Nbd7 14. Bf4 Nc5 15. O-O-O Nfd7 16. e6 Nxe6 17. Bxe6 fxe6 18. Rhe1 Qf7 19. Qc4 Be7 20. Rxe6 Nb6 21. Qe4 O-O 22. Rxe7 Qxf4+ 23. Qxf4 Rxf4 24. a5 Nc4 25. Rdd7 Nxa5 26. Rxg7+ Kf8 27. Ne2 Rxf2 28. Rh7 Kg8 29. Rhg7+ Kf8 30. Rh7 Kg8 31. Rdg7+ Kf8 1/2-1/2

[Event "GER-ch 86th"]
[Site "Saarbruecken"]
[Date "2015.12.03"]
[Round "1"]
[White "Zuferi, Enis"]
[Black "Zude, Erik"]
[Result "1/2-1/2"]
[WhiteElo "2210"]
[BlackElo "2394"]
[EventDate "2015.12.03"]
[PlyCount "92"]

1. e4 d6 2. d4 Nf6 3. Nc3 e5 4. Nf3 Nbd7 5. Bc4 Be7 6. O-O O-O 7. Re1 c6 8. a4 exd4 9. Nxd4 d5 10. exd5 Nb6 11. Bb3 Nbxd5 12. Nxd5 Nxd5 13. Bxd5 cxd5 14. Bf4 Bf6 15. Be5 Bxe5 16. Rxe5 Qd6 17. Re3 Bd7 18. Qd2 Rac8 19. b3 h6 20. h3 Rfd8 21. Rae1 b6 22. Rc3 Rc5 23. Rce3 a5 24. Re5 Qf6 25. Qd3 Rdc8 26. Qg3 Rc3 27. R1e3 Rxe3 28. Qxe3 Qd6 29. Qe1 Qc5 30. Qd2 Re8 31. Rxe8+ Bxe8 32. Qd3 Bd7 33. Kf1 Qc7 34. Ke2 f6 35. Kd2 Qe5 36. Qe3 Kf7 37. f4 Qd6 38. Kc1 g5 39. fxg5 hxg5 40. Kb1 Qe5 41. Qf2 Kg7 42. Nf3 Qd6 43. Qd4 Qc5 44. Qd2 Qd6 45. Qd4 Qc5 46. Qd2 Qd6 1/2-1/2

[Event "GER-ch 86th"]
[Site "Saarbruecken"]
[Date "2015.12.04"]
[Round "2"]
[White "Bischoff, Klaus"]
[Black "Bastian, Herbert"]
[Result "1-0"]
[WhiteElo "2497"]
[BlackElo "2328"]
[EventDate "2015.12.03"]
[PlyCount "105"]

1. d4 d5 2. c4 e6 3. Nc3 Be7 4. Bf4 c6 5. e3 Nf6 6. Nf3 Nbd7 7. h3 Nf8 8. Qc2 Ng6 9. Bh2 O-O 10. Bd3 dxc4 11. Bxc4 b5 12. Be2 Bb7 13. O-O Rc8 14. Rfd1 Qb6 15. a4 a5 16. axb5 cxb5 17. Qd3 b4 18. Na4 Qa7 19. Qb5 Rc2 20. Nc5 Bxc5 21. Rxa5 Qb6 22. dxc5 Qxb5 23. Bxb5 Rxc5 24. Bd6 Rd8 25. Bxc5 Rxd1+ 26. Kh2 Ne4 27. Bxb4 Nxf2 28. Ne1 Rb1 29. Bc3 h5 30. Ra7 Bd5 31. Be8 e5 32. Rd7 Be6 33. Rd8 Kh7 34. Bc6 Nd1 35. Bxe5 Rc1 36. Be4 f5 37. Nd3 Ra1 38. Bf3 Nxe3 39. Bc3 Nf1+ 40. Kg1 Nh4 41. Nf4 Nxf3+ 42. gxf3 Bf7 43. Kf2 h4 44. Rf8 Bb3 45. Rxf5 Ng3 46. Rg5 Ra7 47. Ng2 Nh1+ 48. Ke3 Kh6 49. f4 Re7+ 50. Be5 g6 51. Nxh4 Re6 52. Rg1 Bd5 53. Nf3 1-0

[Event "GER-ch 86th"]
[Site "Saarbruecken"]
[Date "2015.12.04"]
[Round "2"]
[White "Frischmann, Rick"]
[Black "Braun, Christian1"]
[Result "1-0"]
[WhiteElo "2274"]
[BlackElo "2397"]
[EventDate "2015.12.03"]
[PlyCount "57"]

1. d4 Nf6 2. c4 e6 3. g3 Bb4+ 4. Nd2 c5 5. dxc5 Bxc5 6. Bg2 O-O 7. Ngf3 d5 8. O-O Nc6 9. Qc2 Bb6 10. a3 a5 11. b3 Qe7 12. Bb2 d4 13. Rae1 Bc5 14. e3 dxe3 15. fxe3 Bxa3 16. Ng5 Nb4 17. Bxa3 Nxc2 18. Bxe7 Nxe1 19. Rxe1 Re8 20. Bd6 a4 21. bxa4 Rxa4 22. c5 h6 23. Ngf3 Nd5 24. Ne5 Ra2 25. Ndc4 f6 26. Ng6 Bd7 27. Nb6 Bc6 28. Nxd5 Bxd5 29. Ne7+ 1-0

[Event "GER-ch 86th"]
[Site "Saarbruecken"]
[Date "2015.12.04"]
[Round "2"]
[White "Hirneise, Jens"]
[Black "Riegler, Dieter"]
[Result "1-0"]
[WhiteElo "2266"]
[BlackElo "2075"]
[EventDate "2015.12.03"]
[PlyCount "57"]

1. e4 c5 2. Nf3 d6 3. d4 cxd4 4. Nxd4 Nf6 5. Nc3 Nc6 6. Bg5 e6 7. Qd2 a6 8. O-O-O Bd7 9. f4 b5 10. Bxf6 gxf6 11. Kb1 Qb6 12. Nxc6 Bxc6 13. Qe1 Ra7 14. Bd3 Qc5 15. Qh4 Be7 16. f5 b4 17. Ne2 e5 18. c4 Qe3 19. Rhf1 h5 20. Rf3 Qg5 21. Qf2 Rb7 22. Rg3 Qh6 23. Nc1 Qf8 24. Nb3 Ba4 25. c5 Bxb3 26. axb3 dxc5 27. Bxa6 Rb6 28. Rgd3 Qh6 29. Qxc5 1-0

[Event "GER-ch 86th"]
[Site "Saarbruecken"]
[Date "2015.12.04"]
[Round "2"]
[White "Keymer, Vincent"]
[Black "Zuferi, Enis"]
[Result "1-0"]
[WhiteElo "2342"]
[BlackElo "2210"]
[EventDate "2015.12.03"]
[PlyCount "89"]

1. d4 Nf6 2. c4 g6 3. Nc3 d5 4. cxd5 Nxd5 5. Bd2 Nb6 6. Bg5 Bg7 7. e3 c5 8. dxc5 Bxc3+ 9. bxc3 Qxd1+ 10. Rxd1 N6d7 11. Bb5 Nc6 12. Rd5 f6 13. Bh4 a6 14. Ba4 Nde5 15. Ne2 Be6 16. Rd2 Nc4 17. Rd4 Kf7 18. Bb3 N4a5 19. Bxe6+ Kxe6 20. Rd1 Rhd8 21. O-O Rxd1 22. Rxd1 Rd8 23. Rxd8 Nxd8 24. e4 Kd7 25. f4 Ne6 26. Bf2 Nc4 27. h4 Nd2 28. f5 Nf8 29. Ng3 Kc6 30. Be3 Nc4 31. Bd4 Nd7 32. Ne2 Nxc5 33. Nf4 e5 34. Bxc5 exf4 35. Bd4 Nd6 36. Kf2 Nxe4+ 37. Kf3 Kd5 38. Kxf4 a5 39. g4 b5 40. fxg6 hxg6 41. h5 gxh5 42. gxh5 Ng5 43. Kf5 b4 44. Bxf6 Ne4 45. c4+ 1-0

[Event "GER-ch 86th"]
[Site "Saarbruecken"]
[Date "2015.12.04"]
[Round "2"]
[White "Khenkin, Igor"]
[Black "Carow, Johannes"]
[Result "1/2-1/2"]
[WhiteElo "2594"]
[BlackElo "2431"]
[EventDate "2015.12.03"]
[PlyCount "133"]

1. d4 Nf6 2. c4 g6 3. Nc3 d5 4. cxd5 Nxd5 5. Bd2 Nb6 6. e3 Bg7 7. f4 O-O 8. Nf3 c5 9. dxc5 Nd5 10. Qc1 Nb4 11. Nd1 N8c6 12. Nf2 b6 13. a3 Na6 14. cxb6 Qxb6 15. Bc3 Bb7 16. Bxg7 Kxg7 17. b4 Rac8 18. Qc3+ f6 19. Bc4 Ncb8 20. Qb3 e5 21. O-O exf4 22. exf4 Bxf3 23. gxf3 Qd4 24. Bxa6 Nxa6 25. Qe6 Nc7 26. Qe4 Qxe4 27. Nxe4 Nd5 28. f5 Ne3 29. Rfc1 Nxf5 30. Rxc8 Rxc8 31. Rd1 Rc7 32. Nc5 Kf7 33. Kf2 Ne7 34. Ke3 Nc6 35. Rd7+ Rxd7 36. Nxd7 Ke7 37. Nc5 Kd6 38. Ne4+ Ke5 39. f4+ Ke6 40. b5 Na5 41. a4 Nb3 42. Kd3 f5 43. Ng5+ Kd5 44. Ke3 h6 45. Nf7 Na5 46. h4 Nc4+ 47. Kf3 Ke6 48. Nd8+ Kd6 49. Kg3 Kc5 50. Nc6 a6 51. Ne7 axb5 52. axb5 Kxb5 53. Nxg6 Nd6 54. Ne7 Kc5 55. Kf3 Kd4 56. Ng8 Kd5 57. Nxh6 Ke6 58. Ke3 Kf6 59. Kd4 Kg6 60. Ng8 Kf7 61. Nh6+ Kg6 62. Ng8 Kf7 63. Ke5 Nc4+ 64. Kxf5 Kxg8 65. Kg6 Nd6 66. h5 Kh8 67. Kf6 1/2-1/2

[Event "GER-ch 86th"]
[Site "Saarbruecken"]
[Date "2015.12.04"]
[Round "2"]
[White "Kollars, Dmitrij"]
[Black "Fridman, Daniel"]
[Result "0-1"]
[WhiteElo "2445"]
[BlackElo "2627"]
[EventDate "2015.12.03"]
[PlyCount "78"]

1. e4 c6 2. Nc3 d5 3. Nf3 Bg4 4. h3 Bxf3 5. Qxf3 e6 6. g3 Nf6 7. Bg2 Nbd7 8. d4 Qb6 9. e5 Ng8 10. Ne2 c5 11. c3 cxd4 12. cxd4 Bb4+ 13. Kf1 Ne7 14. Qd3 Nc6 15. Kg1 O-O 16. Kh2 Be7 17. Be3 Rfc8 18. Rhc1 Na5 19. Rc2 Rc6 20. Rac1 Rac8 21. Nc3 Bf8 22. b3 Ba3 23. Na4 Qd8 24. Rxc6 Nxc6 25. Rc2 Nb4 26. Rxc8 Qxc8 27. Qc3 Qxc3 28. Nxc3 Bb2 29. Nb5 a6 30. Nd6 b5 31. a4 bxa4 32. bxa4 Nb6 33. a5 Nc4 34. Nb7 Nc6 35. Nc5 Nxd4 36. Nxa6 Nc6 37. Bb6 Bxe5 38. f4 Bd6 39. f5 N6xa5 0-1

[Event "GER-ch 86th"]
[Site "Saarbruecken"]
[Date "2015.12.04"]
[Round "2"]
[White "Kunin, Vitaly L"]
[Black "Hilverda, Alexander"]
[Result "1-0"]
[WhiteElo "2561"]
[BlackElo "2385"]
[EventDate "2015.12.03"]
[PlyCount "97"]

1. d4 d5 2. Nf3 Nf6 3. c4 c6 4. e3 Bg4 5. h3 Bh5 6. Nc3 e6 7. Qb3 Qb6 8. Ne5 Nbd7 9. g4 Bg6 10. Nxg6 hxg6 11. Bg2 Be7 12. g5 Nh5 13. h4 Qxb3 14. axb3 a6 15. Bd2 f5 16. gxf6 gxf6 17. cxd5 exd5 18. e4 dxe4 19. Bxe4 f5 20. Bg2 O-O-O 21. O-O-O Bd6 22. Kb1 Rde8 23. Bf3 Nf4 24. Rdg1 Rhg8 25. Bxf4 Bxf4 26. Rg2 Re7 27. Rhg1 Rh8 28. Rxg6 Rxh4 29. d5 Ne5 30. Rg8+ Kc7 31. dxc6 bxc6 32. Be2 Kb7 33. Na4 Ka7 34. Rc8 Nd7 35. Bf3 Nb8 36. Bxc6 Nxc6 37. Rxc6 Rc7 38. Rf6 Rh5 39. Rgg6 Be5 40. Rxa6+ Kb7 41. Rgb6+ Kc8 42. Rb5 Rh1+ 43. Ka2 Re1 44. Nc5 Re7 45. Ra8+ Kc7 46. Rb7+ Kd6 47. Ra6+ Kxc5 48. Rxe7 Re2 49. Rxe5+ 1-0

[Event "GER-ch 86th"]
[Site "Saarbruecken"]
[Date "2015.12.04"]
[Round "2"]
[White "Mailitis, Kai"]
[Black "Fuellgrabe, Thomas"]
[Result "1/2-1/2"]
[WhiteElo "2087"]
[BlackElo "2244"]
[EventDate "2015.12.03"]
[PlyCount "81"]

1. e4 e5 2. Nf3 Nc6 3. d4 exd4 4. Nxd4 Nf6 5. Nc3 Bb4 6. Nxc6 bxc6 7. Bd3 O-O 8. O-O d5 9. exd5 cxd5 10. h3 Rb8 11. Bg5 Be7 12. Re1 Be6 13. b3 h6 14. Bd2 c5 15. Qf3 Qd7 16. Bf4 Rb4 17. a3 Rb7 18. Rad1 Qc6 19. Be5 Rc8 20. Bf5 Rd7 21. Ne2 d4 22. Qxc6 Rxc6 23. Bxe6 Rxe6 24. Nf4 Ra6 25. a4 g5 26. Bxf6 Bxf6 27. Re8+ Kh7 28. Nd3 Rc6 29. Nb2 Rcd6 30. Rc8 Rd5 31. Re1 Be7 32. Kf1 Kg7 33. Nd3 h5 34. g4 hxg4 35. hxg4 Kf6 36. Kg2 Rd8 37. Rc6+ Bd6 38. Rh1 Kg7 39. Re1 Rh8 40. Rh1 Re8 41. Re1 1/2-1/2